Регионална библиотека "Любен Каравелов" - Русе

Complete Chamber Music [CD аудио] (Запис номер 217016)

MARC детайли
000 -Лидер
Контролно поле с фиксирана дължина 01678njm a2200421 c 4500
003 - Код на организацията, давaща контролен номер
Контролно поле BLK
005 - Дата и час на последна редакция
Контролно поле 20250128005532.0
008 - Елементи от данни с фиксирана дължина
fixed length control field 180410b bul||n||s|||||||| n|bulo|
010 ## - Наследен системен номер
LC control number CDD00000638000
040 ## - Източник на каталожния запис
Идентификатор на билиотеката - собственик на записа BLK
041 ## - Код за език
Код за езика на текст/звукозапис или на отделно заглавие Немски
Код за езика КДБФ Немски
080 ## - УДК
Текстов определител УДК Камерна музика. Музика за няколко солови инструмента - дует, трио, квартет, квинтет, секстет, септет, нонет и др.
УДК код - определител по УДК 785.7
УДК определител
УДК - код + определител 785.7
080 ## - УДК
Текстов определител УДК Пиано. Други кратки форми.
УДК код - определител по УДК 786.2.087.1
УДК определител
УДК - код + определител 786.2.087.1
100 1# - Редна дума - Автор
Автор Щраус, Рихард
Дати, свързани с автора 1864 - 1949
R(LIN) 144682
139 ## - Редно поле
Редна дума Щраус, Рихард
Авторски знак Щр - Щ 54
245 10 - Сведения за заглавието
Заглавие Complete Chamber Music [CD аудио]
Подзаглавни данни CD 1-9
Редно поле (дума) Рихард Щраус; * Richard Strauss.
Том CD 2
257 ## - Страна на издаване
Страна на създаване/издаване Германия
260 ## - Област на издателските данни
-- S. l.
Име на издателя, разпространителя и проч. Arts Music
Година на издаване 2008
300 ## - Физическа характеристика
Размери/Мащаб 12 cm.
Тип мерна единица бр. в к-т
Количество на мерната единица 1 CD
380 ## - Жанр
Жанр Изкуство
505 ## - Форматирана забележка
Подзаглавни данни AV92
Заглавие Das Schloss am Meere
505 ## - Форматирана забележка
Подзаглавни данни For 2 Harmoniums : B flat Major AV108
Заглавие Hochzeitpreludium
505 ## - Форматирана забележка
Подзаглавни данни оп. 38
Заглавие Enoch Arden
650 #4 - Допълнително описание по предмет – тема
Основно описание – тема или топоним Камерна музика, вокално-инструментална
9 (RLIN) 274393
650 #0 - Допълнително описание по предмет – тема
Основно описание – тема или топоним Пиано - композиции
9 (RLIN) 275984
653 ## - Ключова дума – ненормативна
Ключова дума камерна музика
653 ## - Ключова дума – ненормативна
Ключова дума пиано
653 ## - Ключова дума – ненормативна
Ключова дума рецитиране
653 ## - Ключова дума – ненормативна
Ключова дума хармониум
700 1# - Други автори (авторска отговорност)
Лично име Strauss, Richard
9 (RLIN) 25540
760 1# - Описание на основната серия
Редна дума на основното описание Щраус, Рихард
Страници - том 62мин. 31сек.
Заглавие CD 2
852 ## - Местоположение
Форматна сигнатура Цб CD 2087
Част 3
856 4# - Електронен адрес и достъп
Електронен формат pdf - файл
Път до файла /url/
856 4# - Електронен адрес и достъп
Електронен формат pdf - файл
Път до файла /url/
942 ## - АРТИКУЛИ
Вид на библиотечния материал Компактдискове
Скрит в OPAC Не
944 ## - СЪЗДАВАНЕ И РЕДАКЦИЯ на ЗАПИСА
Създаване/Редакция Създаване
Дата на регистрацията/редакция 15.01.2009
Служител, извършил регистрацията/редакцията
Статус, дата на статуса CRON CRON
944 ## - СЪЗДАВАНЕ И РЕДАКЦИЯ на ЗАПИСА
Създаване/Редакция Редакция
Дата на регистрацията/редакция 15.01.2009
Служител, извършил регистрацията/редакцията
999 ## - СИСТЕМНИ КОНТРОЛНИ НОМЕРА
Koha biblionumber 217016
Koha biblioitemnumber 217016
Наличности
Код за отписване Код за изгубен артикул Източник на класификационната схема Код за повреда Коз за рестрикции Код за отдаване Артикулен № Име на библиотеката - собственик Име на библиотеката, в която се намира в момента Статус (Текущо местоположение) Дата на вписване в системата Местоположение - отдел Цена в лева Инвентарен номер Систематично азбучна сигнатура Баркод Номер на екземпляра Цена в евро Служебна бележка Служебен тип на артикула
  Не е изгубен Universal Decimal Classification Не е повреден без рестрикции заемане за дома 388390 Регионална библиотека "Любен Каравелов" Русе Регионална библиотека "Любен Каравелов" Русе Отдел Изкуство - подръчен фонд 2000-01-01 Отдел Изкуство - подръчен фонд 6.00 120000907150 785/S 88 120000907150 1 3.07 Дост: DA Вид: А N: стар фонд Дата: 01.01.2000 Съставил: Теодора_Стоянова Компактдискове
Vip Innovations Ltd, Rousse, Bulgaria 2025